| 000 | 00525nam a22002057a 4500 | ||
|---|---|---|---|
| 999 |
_c9154 _d9154 |
||
| 001 | 9154 | ||
| 003 | BD-JhCC | ||
| 005 | 20180310110931.0 | ||
| 008 | 180310b1959 bg ||||| |||| 00| 0 ben d | ||
| 035 | _a(BD-JhCC)9154 | ||
| 040 |
_aBD-JhCC _dBD-JhCC |
||
| 041 | _aben | ||
| 082 |
_a920 _bSHA 1959 |
||
| 100 | _aসেন, নিখিল | ||
| 245 |
_a বৈজ্ঞানিক এডিসন / _c নিখিল সেন |
||
| 300 |
_a96 p. : _c18 cm. |
||
| 650 | _aBiogarphy | ||
| 942 |
_2ddc _cBK |
||